| 000 | 00929nam a22002775i 4500 | ||
|---|---|---|---|
| 999 |
_c57394 _d57394 |
||
| 001 | 20586921 | ||
| 005 | 20210713134857.0 | ||
| 008 | 180717s2020 mou 000 0 eng | ||
| 010 | _a 2018952008 | ||
| 020 | _a9780323611046 | ||
| 040 |
_aDLC _beng _erda _cDLC |
||
| 041 | _aeng | ||
| 042 | _apcc | ||
| 080 | _a611 D-80 | ||
| 100 | 1 |
_aDrake, Richard L. _98421 |
|
| 245 | 1 | 0 |
_aGray's anatomy for students / _cRichard L. Drake, PhD, FAAA, A. Wayne Vogl, PhD, FAAA, Adam W.M. Mitchell, MB BS, FRCS, FRCR. |
| 250 | _a4th edition. | ||
| 263 | _a1903 | ||
| 264 | 1 |
_aPhiladelphia, MO : _bElsevier, _c2019. |
|
| 300 |
_a1153 pages _b30 cm |
||
| 653 | _a გრეის ანატომია სტუდენტებისთვის | ||
| 653 | _aმედიცინა | ||
| 700 |
_aVogl, A. Wayne _eავტორი _98422 |
||
| 700 |
_a Mitchell, Adam W.M. _eავტორი _912244 |
||
| 942 |
_2udc _cBK |
||